Asian Capitals Containing Words - Statistics

General Stats
  • This quiz has been taken 177 times
  • The average score is 10 of 14
Answer Stats
Word Asian Capital % Correct
dad Baghdad
95%
wait Kuwait City
95%
slam Islamabad
92%
lump Kuala Lumpur
91%
ash Ashgabat, Tashkent
90%
band Bandar Seri Begawan
77%
van Yerevan
74%
award Sri Jayawardenepura Kotte
67%
art Jakarta
65%
sale Jerusalem
63%
imp Thimphu
56%
gap Singapore
45%
and Kathmandu
36%
bud Abu Dhabi
32%
No matching quizzes found
Score Distribution
Percent of People with Each Score
Percentile by Number Answered
Your Score History
You have not taken this quiz